000 00723nam a2200229Ia 4500
003 GCL
008 140319s9999 xx 000 0 ara d
040 _aGCL /
_cGCL
082 0 4 _a709.01
_bث ا
100 1 _aثروت عكاشة
245 1 0 _aالاغريق بين الاسطورة والابداع /
_cثروت عكاشة
260 _a[S.N] :
_bالهيئة المصرية العامة للكتاب ،
_c1994
300 _a484 ص
490 _aتاريخ الفن : العين تسمع والاذن ترى
_v0
650 0 4 _aتصوير
650 0 4 _aالفن
650 0 4 _aالفن القديم
650 0 4 _aنحت
650 0 4 _aالفن الاغريقى
650 0 4 _aتاريخ ونقد
942 _2ddc
_cBK
999 _c28159
_d28159